000 00600nam a2200169 a 4500
008 120416s1991 ||||||||||||||||| || u
050 _aHD 58.8 Has
100 _aHaspeslagh, Philippe C
245 1 0 _aManaging acquisitions
246 _acreating value through corporate renewal
260 _aNew York
_bThe Free Press
_c1991
300 _axi, 416p. : ill
350 _a0.00
650 _aMANAGEMENT ACQUISITIONS
650 0 _aMANAGEMENT
995 _D0.00
_FCBU-MAIN LIBRARY (Kitwe)
_H1
_I29.95
_M1
_UAVAILABLE
_ZMain Library Open Access Collection
999 _c50116
_d50116